[Event "Elit(Vasteras-Team Viking)"]
[Site "?"]
[Date "2011.10.08"]
[Round "2"]
[White "Norberg, Erik"]
[Black "Sagit, Rauan"]
[Result "1/2-1/2"]
[WhiteElo "2252"]
[BlackElo "2431"]
[PlyCount "95"]

1. c4 e5 2. Nc3 Nf6 3. g3 d5 4. cxd5 Nxd5 5. Bg2 Nb6 6. Nf3 Nc6 7. d3 Be7 8.
Bd2 O-O 9. O-O Be6 10. Qc2 Bg4 11. Be3 Nd4 12. Bxd4 exd4 13. Ne4 Rb8 14. Nc5 c6
15. b4 Nd5 16. Nxd4 Bf6 17. Ncb3 Nxb4 18. Qc4 a5 19. Rab1 c5 20. Nc6 Nxc6 21.
Qxg4 Ne5 22. Qa4 b6 23. Nd2 Re8 24. Rb5 h5 25. Rfb1 Ng4 26. Bf3 Bd4 27. Bxg4
hxg4 28. e3 Bc3 29. Ne4 Bb4 30. Rd1 f5 31. Nc3 Kh7 32. Ne2 Qd5 33. Rxb6 Rxb6
34. Qxe8 Qf3 35. Rf1 Qxe2 36. Qh5+ Kg8 37. Qe8+ Kh7 38. Qh5+ Rh6 39. Qxf5+ Kh8
40. Qc8+ Kh7 41. Qf5+ Kg8 42. Qc8+ Kf7 43. Qd7+ Kf8 44. Qd8+ Kf7 45. Qd7+ Kf6
46. Qd6+ Kf7 47. Qd7+ Kg8 48. Qc8+ 1/2-1/2

[Event "Elit(Vasteras-Team Viking)"]
[Site "?"]
[Date "2011.10.08"]
[Round "2"]
[White "Lindberg, Bo"]
[Black "Kimari, Patrick"]
[Result "1-0"]
[WhiteElo "2460"]
[BlackElo "2153"]
[PlyCount "67"]

1. d4 g6 2. e4 Bg7 3. c4 d6 4. Nc3 Nd7 5. Be3 c6 6. Qd2 a6 7. Nf3 b5 8. b4 Nb6
9. c5 dxc5 10. bxc5 Nd7 11. Rb1 Qa5 12. Rb3 Bb7 13. e5 O-O-O 14. Bd3 f6 15. e6
Nf8 16. d5 f5 17. O-O Bxc3 18. Rxc3 Rxd5 19. Bd4 Nf6 20. Bxf6 exf6 21. Re1 Nxe6
22. Rxe6 Rhd8 23. Rd6 R8xd6 24. cxd6 Kd7 25. Qe3 Kxd6 26. Rc2 Qd8 27. Bf1 c5
28. a4 c4 29. h4 Qe7 30. Qb6+ Bc6 31. Qxa6 Qb7 32. axb5 Qxb5 33. Qxb5 Rxb5 34.
Nd4 1-0

[Event "Elit(Vasteras-Team Viking)"]
[Site "?"]
[Date "2011.10.08"]
[Round "2"]
[White "Ylonen, Anders"]
[Black "Pettersson, Anders"]
[Result "1-0"]
[WhiteElo "2105"]
[BlackElo "2290"]
[PlyCount "81"]

1. Nf3 c5 2. e4 g6 3. d3 Bg7 4. g3 Nc6 5. Bg2 d6 6. O-O Nf6 7. Nbd2 O-O 8. a4
e5 9. h3 Ne8 10. Nc4 Nc7 11. Be3 h6 12. Qd2 Kh7 13. Nh2 f5 14. f4 Be6 15. exf5
Rxf5 16. g4 Rf8 17. f5 gxf5 18. gxf5 Bxf5 19. Rxf5 Rxf5 20. Be4 Ne7 21. Qf2 Qd7
22. Rf1 Raf8 23. Nxd6 Qxd6 24. Bxc5 Qg6+ 25. Qg2 Ncd5 26. Qxg6+ Kxg6 27. c4 b6
28. Ba3 Ne3 29. Bxe7 Nxf1 30. Bxf8 Bxf8 31. Bxf5+ Kxf5 32. Kxf1 Kf4 33. Ke2 Bg7
34. Nf1 a5 35. Ne3 e4 36. Nd5+ Kg3 37. dxe4 Kxh3 38. Kf3 Bxb2 39. Nxb6 Bd4 40.
Nd7 Bg1 41. c5 1-0

[Event "Elit(Rockaden,Sthlm-Limhamn)"]
[Site "?"]
[Date "2011.10.08"]
[Round "2"]
[White "Hector, Jonny"]
[Black "Nielsen, Peter Heine"]
[Result "1/2-1/2"]
[WhiteElo "2640"]
[BlackElo "2737"]
[PlyCount "120"]

1. e4 e5 2. Nf3 Nc6 3. Bc4 Bc5 4. c3 Nf6 5. d3 a6 6. O-O Ba7 7. Bb3 d6 8. Be3
Bxe3 9. fxe3 O-O 10. Nbd2 Be6 11. Bxe6 fxe6 12. Qb3 Qd7 13. d4 Kh8 14. Rad1
exd4 15. cxd4 e5 16. Rc1 Rab8 17. Qc3 Rbc8 18. Ng5 h6 19. Ngf3 Rfe8 20. Qb3 Rb8
21. Rce1 Nd8 22. Nh4 Nf7 23. Qc2 Kg8 24. Nf5 c6 25. Nc4 Qe6 26. dxe5 dxe5 27.
Rd1 Rbd8 28. b3 Kh7 29. Na5 Qc8 30. b4 Qc7 31. Nb3 b6 32. a4 Ng5 33. h4 Ne6 34.
Rc1 Rc8 35. Rfd1 Red8 36. Qc4 Rxd1+ 37. Rxd1 Rd8 38. Rc1 Nf8 39. a5 b5 40. Qxc6
Rd1+ 41. Kh2 Rxc1 42. Qxc1 Qf7 43. Nc5 h5 44. Qc2 g6 45. Ng3 Ng4+ 46. Kg1 Qf6
47. Qa2 Kh6 48. Nf1 Nh7 49. g3 Nf8 50. Nh2 Kg7 51. Nxg4 hxg4 52. Qe2 Qd6 53.
Qd3 Qxd3 54. Nxd3 Nd7 55. Kf1 Kf7 56. Ke2 Ke6 57. Nf2 Nf6 58. Kd3 Kd6 59. Kc3
Kc6 60. Kd3 Kd6 1/2-1/2

[Event "Elit(Rockaden,Sthlm-Limhamn)"]
[Site "?"]
[Date "2011.10.08"]
[Round "2"]
[White "Blomqvist, Erik"]
[Black "Ahlander, Bjorn"]
[Result "1/2-1/2"]
[WhiteElo "2541"]
[BlackElo "2503"]
[PlyCount "57"]

1. Nf3 Nf6 2. c4 e6 3. Nc3 d5 4. d4 Be7 5. Bg5 O-O 6. e3 h6 7. Bxf6 Bxf6 8. Rc1
c6 9. Bd3 Nd7 10. O-O dxc4 11. Bxc4 e5 12. h3 exd4 13. exd4 Nb6 14. Bb3 a5 15.
a3 Bf5 16. Re1 Re8 17. Rxe8+ Qxe8 18. Qd2 Qd7 19. Re1 Re8 20. Rxe8+ Qxe8 21.
Qf4 Be6 22. Bxe6 Qxe6 23. Qc7 Nc4 24. Qxb7 Bxd4 25. Nxd4 Qe1+ 26. Kh2 Qe5+ 27.
Kg1 Qe1+ 28. Kh2 Qe5+ 29. Kg1 1/2-1/2

[Event "Elit(Rockaden,Sthlm-Limhamn)"]
[Site "?"]
[Date "2011.10.08"]
[Round "2"]
[White "Jepson, Christian"]
[Black "Wiedenkeller, Michael"]
[Result "1/2-1/2"]
[WhiteElo "2462"]
[BlackElo "2512"]
[PlyCount "49"]

1. d4 e6 2. Nf3 Nf6 3. c4 b6 4. a3 Bb7 5. Nc3 d5 6. cxd5 Nxd5 7. Qc2 Nxc3 8.
bxc3 Be7 9. e4 O-O 10. Bd3 c5 11. O-O Qc7 12. Qe2 Nd7 13. e5 cxd4 14. cxd4 Rfd8
15. Be3 Rac8 16. Ng5 Nf8 17. Qh5 Bxg5 18. Qxg5 Ng6 19. Rfc1 Qd7 20. h4 Ne7 21.
h5 h6 22. Qg3 Kh8 23. f3 Nf5 24. Bxf5 exf5 25. Qh4 1/2-1/2

[Event "Elit(Rockaden,Sthlm-Limhamn)"]
[Site "?"]
[Date "2011.10.08"]
[Round "2"]
[White "Karlsson, Lars"]
[Black "Brynell, Stellan"]
[Result "1/2-1/2"]
[WhiteElo "2535"]
[BlackElo "2555"]
[PlyCount "63"]

1. g3 Nf6 2. Bg2 d5 3. Nf3 g6 4. c4 Bg7 5. cxd5 Nxd5 6. Nc3 O-O 7. O-O Nxc3 8.
bxc3 c5 9. Rb1 Nc6 10. Qc2 Qd7 11. Rd1 b6 12. d4 cxd4 13. cxd4 Bb7 14. Ne5 Bxe5
15. dxe5 Qe6 16. Bd5 Qh3 17. Ba3 Rac8 18. Qb2 Rfd8 19. f3 Re8 20. e6 f6 21. Be4
Na5 22. Bxb7 Nxb7 23. Rd7 Nc5 24. Rxa7 Rc6 25. Bxc5 bxc5 26. Qb8 Rcc8 27. Qb6
c4 28. Rc1 c3 29. Rc7 Rxc7 30. Qxc7 Qxe6 31. Rxc3 Qxa2 32. Qc4+ 1/2-1/2

[Event "Elit(Rockaden,Sthlm-Limhamn)"]
[Site "?"]
[Date "2011.10.08"]
[Round "2"]
[White "Schneider, Stefan"]
[Black "Bator, Robert"]
[Result "1/2-1/2"]
[WhiteElo "2431"]
[BlackElo "2483"]
[PlyCount "219"]

1. d4 d5 2. c4 c6 3. Nf3 e6 4. e3 f5 5. Bd3 Nf6 6. O-O Bd6 7. b3 Qe7 8. Bb2 O-O
9. Qc1 Ne4 10. Ba3 Bd7 11. Ne5 Be8 12. Bxd6 Nxd6 13. Qa3 Nd7 14. Nc3 Nc8 15.
Qxe7 Nxe7 16. Nxd7 Bxd7 17. Rfc1 Rad8 18. b4 f4 19. exf4 dxc4 20. Bxc4 Rxf4 21.
Ne2 Rff8 22. g3 g5 23. a4 Kg7 24. b5 Nf5 25. Rd1 Nd6 26. Bd3 cxb5 27. axb5 Nxb5
28. Bxb5 Bxb5 29. Nc3 Bc6 30. Rxa7 Rf3 31. Ne2 Rb3 32. f4 Rb2 33. Kf2 gxf4 34.
gxf4 Kf6 35. Ke3 Rg8 36. Nc3 Rxh2 37. d5 Rh3+ 38. Kf2 Rxc3 39. dxc6 bxc6 40.
Rxh7 Rgg3 41. Rh6+ Rg6 42. Rh5 Rc2+ 43. Kf3 Rcg2 44. Rc1 R6g3+ 45. Ke4 Re2+ 46.
Kd4 Rd2+ 47. Ke4 Rdd3 48. Re1 Rd5 49. Rh6+ Ke7 50. Re3 Rxe3+ 51. Kxe3 Kd6 52.
Rh8 Ra5 53. Rd8+ Ke7 54. Rb8 Ra1 55. Kd4 Rf1 56. Ke5 Re1+ 57. Kd4 Kf6 58. Rf8+
Ke7 59. Ra8 Kd7 60. Rh8 Ra1 61. Ke5 Ra5+ 62. Ke4 Rd5 63. Ra8 Rd1 64. Rh8 c5 65.
Ra8 Re1+ 66. Kd3 Rf1 67. Ke4 Re1+ 68. Kd3 Kd6 69. Rd8+ Ke7 70. Rc8 Kd6 71. Rd8+
Kc7 72. Re8 Rd1+ 73. Kc4 Kd7 74. Ra8 Rd5 75. Ra7+ Kd6 76. Ra6+ Ke7 77. Ra7+ Kf6
78. Rh7 Rd4+ 79. Kxc5 Rxf4 80. Rh6+ Ke5 81. Rh5+ Rf5 82. Rh4 Rf1 83. Rh5+ Rf5
84. Rh4 Rg5 85. Rh1 Rg4 86. Rh5+ Kf6 87. Rh6+ Kf5 88. Rh5+ Rg5 89. Rh1 Rg4 90.
Rh5+ Kg6 91. Rh1 Kf6 92. Rh6+ Rg6 93. Rh1 Rg2 94. Rf1+ Ke7 95. Kd4 Kd6 96. Ra1
Rg4+ 97. Ke3 Ke5 98. Ra5+ Kf6 99. Rb5 Ra4 100. Rc5 Ra1 101. Rb5 Re1+ 102. Kf3
Ke7 103. Kf2 Ra1 104. Ke3 Ra4 105. Rh5 Kf6 106. Rb5 Ra1 107. Rc5 Re1+ 108. Kf3
Re5 109. Rxe5 Kxe5 110. Ke3 1/2-1/2

[Event "Elit(Rockaden,Sthlm-Limhamn)"]
[Site "?"]
[Date "2011.10.08"]
[Round "2"]
[White "Engqvist, Thomas"]
[Black "Penalver, Osmani"]
[Result "1/2-1/2"]
[WhiteElo "2423"]
[BlackElo "2323"]
[PlyCount "90"]

1. Nf3 Nf6 2. c4 e6 3. Nc3 c5 4. d4 cxd4 5. Nxd4 a6 6. Bg5 d6 7. e3 Be7 8. Be2
Qa5 9. Bh4 Nc6 10. O-O O-O 11. a3 Ne5 12. f3 Qc7 13. Qb3 Bd7 14. Rac1 Rac8 15.
Na2 Qa5 16. Be1 Qc7 17. Rc3 Qb8 18. e4 Rfd8 19. Bf2 Ng6 20. Re1 Be8 21. Bf1 Nd7
22. Nb4 Nc5 23. Qa2 Bg5 24. b3 h5 25. g3 h4 26. Qe2 Qc7 27. f4 hxg3 28. hxg3
Bf6 29. Rf3 a5 30. Nbc2 e5 31. Nf5 Bc6 32. Bxc5 dxc5 33. Qh2 Re8 34. Bd3 Rcd8
35. Re2 exf4 36. gxf4 Nxf4 37. Rg2 Rxd3 38. Rxd3 Be5 39. Qxf4 Bd4+ 40. Ncxd4
Qxf4 41. Rxg7+ Kf8 42. Rh3 Qc1+ 43. Kf2 Qb2+ 44. Kf1 Qa1+ 45. Kf2 Qb2+ 1/2-1/2

[Event "Elit(Rockaden,Sthlm-Limhamn)"]
[Site "?"]
[Date "2011.10.08"]
[Round "2"]
[White "Lindgren, Philip"]
[Black "Barkhagen, Jonas"]
[Result "1/2-1/2"]
[WhiteElo "2249"]
[BlackElo "2504"]
[PlyCount "92"]

1. d4 d5 2. c4 c6 3. Nf3 Nf6 4. Nc3 dxc4 5. a4 e6 6. e3 c5 7. Bxc4 Nc6 8. O-O
cxd4 9. exd4 Be7 10. Bg5 O-O 11. Re1 Bd7 12. Qe2 Nb4 13. Ne5 Be8 14. Rad1 Nfd5
15. Bxe7 Nxe7 16. Bb3 Qb6 17. Ne4 Rd8 18. Qg4 Nbd5 19. Nc5 Nf5 20. Bc2 Nf6 21.
Qf4 Qxb2 22. Bxf5 exf5 23. Nc4 Qc2 24. Rc1 Qa2 25. Nxb7 Ra8 26. Ncd6 Bd7 27.
Nc5 Rad8 28. Nxd7 Nxd7 29. Nxf5 Qxa4 30. Qg5 g6 31. Nh6+ Kg7 32. Rc3 Rde8 33.
Rec1 Kh8 34. Rf3 Qxd4 35. Nxf7+ Kg7 36. Qh6+ Kg8 37. Ng5 Qg7 38. Rxf8+ Nxf8 39.
Qxg7+ Kxg7 40. Rc7+ Kf6 41. f4 Re7 42. Rc5 h6 43. Nf3 Ne6 44. Rc4 g5 45. fxg5+
hxg5 46. h4 gxh4 1/2-1/2

[Event "Elit(Rockaden,Sthlm-Limhamn)"]
[Site "?"]
[Date "2011.10.08"]
[Round "2"]
[White "Henriksson, Jacob"]
[Black "Johansson, Linus"]
[Result "0-1"]
[WhiteElo "2326"]
[BlackElo "2306"]
[PlyCount "112"]

1. d4 Nf6 2. c4 e6 3. Nc3 Bb4 4. Qc2 d5 5. cxd5 Qxd5 6. Nf3 Qf5 7. Qxf5 exf5 8.
a3 Be7 9. Bf4 c6 10. e3 Nbd7 11. Bd3 Nb6 12. h3 h6 13. O-O O-O 14. Ne2 Ne4 15.
Rfd1 Be6 16. Nd2 Nxd2 17. Rxd2 Nd5 18. Be5 a5 19. Nf4 Nxf4 20. Bxf4 Rfd8 21.
Bc7 Rd7 22. Bb6 f4 23. e4 Bd8 24. Bxd8 Raxd8 25. d5 cxd5 26. Bb5 Rd6 27. e5 Rb6
28. a4 Rc8 29. Rd4 g5 30. b4 axb4 31. Rxb4 Rc5 32. Rd4 Kg7 33. Rad1 Kg6 34.
Bd3+ Kg7 35. Bb5 f6 36. exf6+ Kxf6 37. Re1 Rd6 38. h4 Bd7 39. Bxd7 Rxd7 40. Re8
Rd6 41. g3 fxg3 42. hxg5+ hxg5 43. fxg3 Rc2 44. Kf1 Rd7 45. g4 Rc4 46. Rxc4
dxc4 47. Rc8 Rd4 48. Rc7 Rxg4 49. Rxb7 Rf4+ 50. Ke2 g4 51. a5 g3 52. a6 Rf2+
53. Ke3 Ra2 54. Kf3 Rxa6 55. Rc7 Ra3+ 56. Kg2 Rc3 0-1

[Event "Elit(Eksjo-Kamraterna)"]
[Site "?"]
[Date "2011.10.08"]
[Round "2"]
[White "Svensson, Bengt"]
[Black "Cicak, Slavko"]
[Result "1/2-1/2"]
[WhiteElo "2460"]
[BlackElo "2581"]
[PlyCount "106"]
[SourceDate "2011.10.28"]

1. e4 c5 2. Nf3 d6 3. d4 cxd4 4. Nxd4 Nf6 5. Nc3 Nc6 6. Bg5 e6 7. Qd2 Be7 8.
O-O-O Nxd4 9. Qxd4 O-O 10. f4 h6 11. Bh4 Qa5 12. Bc4 Rd8 13. Bb3 Bd7 14. Rhf1
Rac8 15. f5 exf5 16. exf5 Re8 17. Rde1 Qc5 18. Qd3 Bc6 19. g4 d5 20. Bxf6 Bxf6
21. Nxd5 Bg5+ 22. Kb1 Red8 23. Rd1 a5 24. a3 a4 25. Ba2 Bb5 26. c4 Bxc4 27.
Bxc4 Qxc4 28. f6 Qxd3+ 29. Rxd3 g6 30. h4 Bxh4 31. Ne7+ Kh7 32. Rh3 g5 33. Nxc8
Rxc8 34. Rc3 Rb8 35. Rfc1 h5 36. gxh5 Kh6 37. Rc7 Rf8 38. Rxb7 g4 39. Rb4 Rg8
40. Rxa4 Bf2 41. Rxg4 Rxg4 42. Rc7 Bd4 43. Rxf7 Rg1+ 44. Ka2 Rg2 45. Rb7 Bxf6
46. Rb5 Re2 47. a4 Re4 48. b4 Re1 49. a5 Ra1+ 50. Kb3 Bd8 51. Rd5 Be7 52. Kc4
Ra4 53. Rb5 Bxb4 1/2-1/2

[Event "Elit(Eksjo-Kamraterna)"]
[Site "?"]
[Date "2011.10.08"]
[Round "2"]
[White "Bejtovic, Jasmin"]
[Black "Hamark, Jesper"]
[Result "1-0"]
[WhiteElo "2485"]
[BlackElo "2404"]
[PlyCount "91"]

1. c4 e5 2. g3 Nf6 3. Bg2 d5 4. cxd5 Nxd5 5. Nc3 Nb6 6. Nf3 Nc6 7. a3 Be7 8. d3
O-O 9. b4 Be6 10. O-O a5 11. b5 Nd4 12. Nd2 c6 13. bxc6 bxc6 14. e3 Nb5 15. Qc2
Nxc3 16. Qxc3 Rb8 17. Qc2 Bd5 18. Bb2 f6 19. d4 Na4 20. Qxa4 Rxb2 21. Nc4 Bxg2
22. Kxg2 Qd5+ 23. Kg1 Re2 24. Nxa5 Qb5 25. Qc4+ Qxc4 26. Nxc4 exd4 27. exd4 Rd8
28. Rfd1 Rc2 29. Ne3 Rb2 30. a4 Ra8 31. a5 Bd8 32. Nc4 Rb4 33. Rdc1 Kf7 34.
Rab1 Rab8 35. Rxb4 Rxb4 36. a6 Ra4 37. Nd6+ Ke6 38. Nb7 Be7 39. Rxc6+ Kd7 40.
d5 h5 41. h4 Ra3 42. Kg2 Bf8 43. Rb6 Kc7 44. Re6 Kd7 45. Rc6 Be7 46. Rb6 1-0

[Event "Elit(Eksjo-Kamraterna)"]
[Site "?"]
[Date "2011.10.08"]
[Round "2"]
[White "Svenn, Matti"]
[Black "de Verdier, Michael"]
[Result "1/2-1/2"]
[WhiteElo "2259"]
[BlackElo "2441"]
[PlyCount "38"]

1. e4 e6 2. d4 d5 3. e5 c5 4. Nf3 Nc6 5. Bd3 Nxd4 6. Nxd4 cxd4 7. O-O Ne7 8.
Re1 Nc6 9. Qg4 Nb4 10. Nd2 Qc7 11. Nb3 Nxc2 12. Bxc2 Qxc2 13. Nxd4 Qg6 14. Qe2
Bd7 15. Bd2 Bc5 16. Nb3 Bb6 17. Bb4 Bc6 18. Rad1 d4 19. g3 d3 1/2-1/2

[Event "Elit(Eksjo-Kamraterna)"]
[Site "?"]
[Date "2011.10.08"]
[Round "2"]
[White "Vernersson, Per"]
[Black "Aberg, Anton"]
[Result "1/2-1/2"]
[WhiteElo "2458"]
[BlackElo "2408"]
[PlyCount "44"]

1. d4 d6 2. e4 Nf6 3. Nc3 e5 4. dxe5 dxe5 5. Qxd8+ Kxd8 6. Bc4 Be6 7. Bxe6 fxe6
8. Bg5 Nbd7 9. a3 h6 10. Be3 Ng4 11. Bd2 Bc5 12. Nd1 Ngf6 13. f3 Ke7 14. Ne2 g5
15. Bb4 Bd6 16. Nec3 a5 17. Bxd6+ cxd6 18. Ne3 Rac8 19. O-O-O Nb6 20. Rd3 Nc4
21. Nxc4 Rxc4 22. Rhd1 Rc6 1/2-1/2

[Event "Elit(Eksjo-Kamraterna)"]
[Site "?"]
[Date "2011.10.08"]
[Round "2"]
[White "Madebrink, Lars"]
[Black "Ornstein, Axel"]
[Result "1/2-1/2"]
[WhiteElo "2285"]
[BlackElo "2444"]
[PlyCount "95"]

1. d4 Nf6 2. Nf3 e6 3. c4 c5 4. Nc3 cxd4 5. Nxd4 Nc6 6. a3 Bc5 7. e3 d5 8. cxd5
exd5 9. Be2 O-O 10. O-O Re8 11. b4 Bxd4 12. exd4 Ne4 13. Bb2 Nxc3 14. Bxc3 Bf5
15. Rc1 a6 16. a4 Qh4 17. b5 axb5 18. axb5 Nd8 19. Bf3 Be4 20. Bxe4 Rxe4 21. f3
Re8 22. Be1 Qe7 23. Rc5 Ne6 24. Rxd5 Rad8 25. Rxd8 Rxd8 26. Bf2 Qd7 27. Qa4
Nxd4 28. Bxd4 Qxd4+ 29. Qxd4 Rxd4 30. Rc1 f5 31. Rc8+ Kf7 32. Rc7+ Kf6 33. Rxb7
Rd1+ 34. Kf2 Rd2+ 35. Kg3 f4+ 36. Kxf4 Rxg2 37. h4 Kg6 38. b6 Rb2 39. Kg4 Rb4+
40. Kg3 h5 41. Rb8 Kf7 42. b7 Kg6 43. f4 Kh7 44. f5 Rb3+ 45. Kf4 Rb4+ 46. Ke5
Rb1 47. Ke6 Rb2 48. Ke5 1/2-1/2

[Event "Elit(Eksjo-Kamraterna)"]
[Site "?"]
[Date "2011.10.08"]
[Round "2"]
[White "Krantz, Christopher"]
[Black "Nyberg, Ulf"]
[Result "1-0"]
[WhiteElo "2353"]
[BlackElo "2112"]
[PlyCount "93"]
[SourceDate "2011.10.28"]

1. e4 e5 2. Nf3 d6 3. d4 exd4 4. Nxd4 Nf6 5. Nc3 Be7 6. Bc4 O-O 7. O-O a6 8. a4
c5 9. Nde2 Be6 10. Bxe6 fxe6 11. Nf4 Qd7 12. e5 dxe5 13. Qxd7 Nbxd7 14. Nxe6
Rfc8 15. Ng5 c4 16. Nge4 Nc5 17. Nxf6+ gxf6 18. Nd5 Bd8 19. f4 e4 20. f5 b5 21.
axb5 axb5 22. Be3 Nb7 23. Bd4 Kf7 24. Rae1 Nd6 25. Re3 b4 26. Rh3 Nb5 27. Bxf6
Bxf6 28. Rxh7+ Bg7 29. f6 Ke6 30. fxg7 Kxd5 31. Rh5+ Kc6 32. Rf6+ Nd6 33. Rhh6
e3 34. Rxd6+ Kc5 35. Rd1 Rd8 36. Rh5+ Kc6 37. Rh6+ Kc5 38. Rh5+ Kc6 39. Re1 Rg8
40. Rg5 Rae8 41. h4 Re7 42. h5 Rexg7 43. Rxg7 Rxg7 44. Rxe3 Kd5 45. c3 b3 46.
Kf2 Rg5 47. h6 1-0

[Event "Elit(Eksjo-Kamraterna)"]
[Site "?"]
[Date "2011.10.08"]
[Round "2"]
[White "Borvander, Tom"]
[Black "Malesevic, Nedeljko"]
[Result "1-0"]
[WhiteElo "2211"]
[BlackElo "2375"]
[PlyCount "113"]

1. d4 d5 2. c4 e6 3. Nc3 Nf6 4. Bg5 Be7 5. e3 O-O 6. Nf3 c6 7. Rc1 Ne4 8. Bxe7
Qxe7 9. Qc2 f5 10. Bd3 Nd7 11. O-O Kh8 12. Nd2 Nxd2 13. Qxd2 dxc4 14. Bxc4 e5
15. Bb3 Nb6 16. Ne2 Be6 17. Bxe6 Qxe6 18. b3 Nd5 19. dxe5 Qxe5 20. Qd4 Qxd4 21.
Nxd4 Rae8 22. g3 g6 23. a3 Kg7 24. b4 a6 25. Rfd1 Rf6 26. Nb3 Rfe6 27. Nc5 R6e7
28. Rd4 Kf7 29. a4 Nf6 30. Kg2 Ne4 31. Nd3 Ng5 32. f4 Ne4 33. Ne5+ Ke6 34. Rcd1
Rc7 35. Nd3 b6 36. Rc1 Rec8 37. Rdc4 Nd6 38. R4c2 Nb7 39. Kf3 Kd6 40. Ne5 b5
41. Ra1 Nd8 42. axb5 axb5 43. h4 Nf7 44. Nd3 Ke7 45. Nc5 Nd6 46. h5 Nc4 47.
hxg6 hxg6 48. Rh2 Nd6 49. g4 fxg4+ 50. Kxg4 Nf7 51. Rd1 Ra8 52. e4 Rca7 53. e5
Rh8 54. Rxh8 Nxh8 55. Rh1 Nf7 56. e6 Ra2 57. Rh7 1-0

[Event "Elit(Eksjo-Kamraterna)"]
[Site "?"]
[Date "2011.10.08"]
[Round "2"]
[White "Thornert, Hakan"]
[Black "Jagerflod, Kent"]
[Result "1-0"]
[WhiteElo "2258"]
[BlackElo "1857"]
[PlyCount "99"]

1. e4 e6 2. Nf3 d5 3. e5 c5 4. b4 cxb4 5. d4 Qb6 6. a3 Bd7 7. axb4 Bxb4+ 8. c3
Bf8 9. Na3 Qc7 10. Qc2 Ne7 11. Bd3 h6 12. O-O Na6 13. Bd2 Nc8 14. Nb5 Qd8 15.
c4 Nc7 16. Nxc7+ Qxc7 17. c5 Be7 18. Rfc1 Bc6 19. Ba5 Qd7 20. Qe2 a6 21. Rcb1
Na7 22. Bb6 Nc8 23. Ba5 Na7 24. Bd2 Rc8 25. Qe3 Nb5 26. Qf4 Qd8 27. Qg4 Bf8 28.
h4 Qd7 29. h5 Na7 30. Ne1 Nb5 31. Nc2 Nc7 32. Nb4 Bb5 33. Bxb5 Nxb5 34. c6 bxc6
35. Rxa6 Qb7 36. Rba1 Rg8 37. Nd3 Be7 38. Bxh6 Kd7 39. Bxg7 Nc7 40. Ra7 Qb3 41.
Nc5+ Bxc5 42. dxc5 Qc3 43. h6 Qxe5 44. Bxe5 Rxg4 45. h7 Rh4 46. Rb7 f6 47. Bxc7
Rxc7 48. Rxc7+ Kxc7 49. Ra7+ Kb8 50. Rg7 1-0

[Event "Elit(Manhem-Rockaden,Sthlm)"]
[Site "?"]
[Date "2011.10.09"]
[Round "3"]
[White "Nielsen, Peter Heine"]
[Black "Nithander, Victor"]
[Result "0-1"]
[WhiteElo "2737"]
[BlackElo "2494"]
[PlyCount "134"]

1. d4 Nf6 2. c4 g6 3. Nc3 Bg7 4. e4 d6 5. Nf3 O-O 6. Be2 e5 7. O-O Nc6 8. d5
Ne7 9. b4 Nh5 10. Re1 a5 11. bxa5 Rxa5 12. Nd2 Nf4 13. Bf1 c5 14. a4 Nh5 15.
Nb5 Nf6 16. Bb2 Ne8 17. Qc1 Ra8 18. g3 g5 19. Bg2 Ng6 20. Qd1 g4 21. Nf1 Bh6
22. Ne3 Bxe3 23. Rxe3 Ng7 24. Re1 h5 25. Qd2 f5 26. exf5 Nxf5 27. Be4 Rf7 28.
Bc1 Qf6 29. Qg5 Qxg5 30. Bxg5 Ra6 31. Bd8 Nge7 32. Bc7 Rf6 33. a5 Nd4 34. Bd8
Rf7 35. Nc7 Ra7 36. Nb5 Ra6 37. Nxd4 exd4 38. Rab1 Kg7 39. Rb6 Rxb6 40. axb6
Bf5 41. Bg2 Ng6 42. Bc7 Rd7 43. f4 gxf3 44. Bxf3 Ne5 45. Bxh5 Nxc4 46. Be8 d3
47. Bxd7 Bxd7 48. Rd1 d2 49. Bxd6 Bg4 50. Rxd2 Nxd2 51. Bxc5 Bh3 52. Bb4 Ne4
53. d6 Kf6 54. d7 Bxd7 55. Kg2 Kf5 56. h3 Bc6 57. Kh2 Bd5 58. Be7 Nd2 59. Kg1
Nc4 60. Bc5 Ne5 61. Bd6 Nf3+ 62. Kf1 Ng5 63. g4+ Ke6 64. Bf4 Nxh3 65. Be3 Bf3
66. Bd2 Bxg4 67. Kg2 Kf5 0-1

[Event "Elit(Manhem-Rockaden,Sthlm)"]
[Site "?"]
[Date "2011.10.09"]
[Round "3"]
[White "Vas, Peter"]
[Black "Karlsson, Lars"]
[Result "1/2-1/2"]
[WhiteElo "2422"]
[BlackElo "2535"]
[PlyCount "107"]

1. e4 g6 2. d4 Bg7 3. c4 d6 4. Nc3 Nc6 5. Be3 e5 6. d5 Nd4 7. Nge2 Nxe2 8. Bxe2
f5 9. exf5 gxf5 10. f4 e4 11. Bh5+ Kf8 12. Be2 Nf6 13. Qd2 h5 14. O-O-O Qe7 15.
Bd4 Bd7 16. Qe3 Rh6 17. c5 a6 18. Kb1 Be8 19. g3 Nd7 20. cxd6 Rxd6 21. Bc4 Bxd4
22. Qxd4 Qg7 23. Ne2 c5 24. Qxg7+ Kxg7 25. a3 b5 26. Ba2 Bf7 27. Rd2 c4 28. b3
cxb3 29. Bxb3 Rc8 30. Rhd1 Kf6 31. Rc2 Rc5 32. Rxc5 Nxc5 33. Ba2 Nd3 34. Nc3
Rd8 35. Rd2 h4 36. Rc2 hxg3 37. hxg3 Rh8 38. Bb3 Rh1+ 39. Ka2 Rc1 40. Rxc1
Nxc1+ 41. Kb2 Nxb3 42. Kxb3 Ke7 43. Kb4 Kd6 44. g4 e3 45. gxf5 Bxd5 46. Ne2 Bc4
47. Nd4 Kd5 48. Nc2 Ke4 49. Nxe3 Kxe3 50. f6 Kxf4 51. a4 Ke5 52. f7 Bxf7 53.
axb5 axb5 54. Kxb5 1/2-1/2

[Event "Elit(Manhem-Rockaden,Sthlm)"]
[Site "?"]
[Date "2011.10.09"]
[Round "3"]
[White "Barkhagen, Jonas"]
[Black "Welin, Mats"]
[Result "1-0"]
[WhiteElo "2504"]
[BlackElo "2363"]
[PlyCount "81"]

1. d4 Nf6 2. c4 e6 3. Nc3 Bb4 4. Qc2 O-O 5. a3 Bxc3+ 6. Qxc3 b6 7. Bg5 c5 8.
Nf3 Bb7 9. dxc5 bxc5 10. Nd2 d6 11. e3 Nbd7 12. f3 h6 13. Bh4 Qb6 14. Be2 d5
15. Bf2 Rab8 16. O-O Ba6 17. Rab1 e5 18. b4 d4 19. Qa1 dxe3 20. Bxe3 Qe6 21.
Rfe1 Rfc8 22. Bf1 Ne8 23. f4 Nd6 24. b5 Bb7 25. fxe5 Nf5 26. Bf2 Rd8 27. Nb3
Rbc8 28. Rbd1 Re8 29. Qc3 Re7 30. Qh3 Nd4 31. Qxe6 Nxe6 32. Rd6 g5 33. a4 Rc7
34. a5 Kg7 35. Bg3 h5 36. h4 Ndf8 37. hxg5 Ng6 38. Bd3 Ngf4 39. Bf1 h4 40. Bxh4
Ng6 41. Bf2 1-0

[Event "Elit(Manhem-Rockaden,Sthlm)"]
[Site "?"]
[Date "2011.10.09"]
[Round "3"]
[White "Akesson, Joel"]
[Black "Blomqvist, Erik"]
[Result "1/2-1/2"]
[WhiteElo "2355"]
[BlackElo "2541"]
[PlyCount "101"]

1. Nf3 c5 2. c4 Nf6 3. g3 b6 4. Bg2 Bb7 5. O-O e6 6. b3 Be7 7. Bb2 O-O 8. e3 d6
9. Nc3 Nbd7 10. Qe2 a6 11. Rfd1 Re8 12. d4 Ne4 13. Nxe4 Bxe4 14. Ne1 Bxg2 15.
Nxg2 cxd4 16. Bxd4 Qb8 17. e4 Qb7 18. f3 b5 19. Ne3 bxc4 20. Nxc4 Qb5 21. Qf2
a5 22. Qb2 Bf8 23. Rd2 a4 24. Rad1 Reb8 25. Bf2 axb3 26. Qxb3 Qxb3 27. axb3
Rxb3 28. Kg2 Ne5 29. Nxe5 dxe5 30. Rd8 Ra2 31. R1d2 Rxd2 32. Rxd2 g5 33. g4 Bb4
34. Rd8+ Kg7 35. h4 Rb2 36. Kf1 gxh4 37. Bxh4 Bd2 38. Bg3 Bf4 39. Bf2 h6 40.
Rc8 Ra2 41. Rb8 Kf6 42. Rh8 Bd2 43. Bh4+ Kg7 44. Rc8 Be3 45. Bg3 Bd4 46. Rd8
Ra1+ 47. Kg2 Rg1+ 48. Kh2 Rd1 49. Kg2 Rg1+ 50. Kh2 Rb1 51. Kg2 1/2-1/2

[Event "Elit(Manhem-Rockaden,Sthlm)"]
[Site "?"]
[Date "2011.10.09"]
[Round "3"]
[White "Wiedenkeller, Michael"]
[Black "Hultin, Johan"]
[Result "1-0"]
[WhiteElo "2512"]
[BlackElo "2354"]
[PlyCount "109"]

1. d4 d5 2. c4 e6 3. Nc3 Be7 4. Nf3 Nf6 5. Bg5 O-O 6. e3 h6 7. Bxf6 Bxf6 8. Qc2
c5 9. dxc5 Qa5 10. cxd5 Qxc5 11. O-O-O Bxc3 12. Qxc3 Qxc3+ 13. bxc3 exd5 14.
Rxd5 Be6 15. Rd2 Nd7 16. Nd4 Nb6 17. Nxe6 fxe6 18. Bd3 Rac8 19. Rc2 Rc5 20. Rd1
Rfc8 21. Kd2 Nd5 22. Rb1 b6 23. c4 Nf6 24. Rb5 R5c6 25. f3 Nd7 26. Be2 Nc5 27.
Ke1 Kf7 28. Rd2 Ke7 29. Rb1 R8c7 30. h4 Nb7 31. Rd4 Nd6 32. Rg4 Kf6 33. Rb4 Rc5
34. Bd3 g5 35. hxg5+ hxg5 36. Rd4 Nf5 37. Bxf5 Kxf5 38. Ke2 e5 39. Rd6 g4 40.
Kd3 gxf3 41. gxf3 Rh7 42. Rb5 Rxb5 43. cxb5 Rh2 44. e4+ Kg5 45. Ke3 Rc2 46. Re6
Rc3+ 47. Kf2 Rc5 48. a4 Kh4 49. Rh6+ Kg5 50. Rh7 a6 51. bxa6 Ra5 52. Rf7 Rxa6
53. Rf5+ Kh4 54. Rxe5 Rxa4 55. Rb5 1-0

[Event "Elit(Manhem-Rockaden,Sthlm)"]
[Site "?"]
[Date "2011.10.09"]
[Round "3"]
[White "Moberg, Karl Johan"]
[Black "Henriksson, Jacob"]
[Result "1/2-1/2"]
[WhiteElo "2334"]
[BlackElo "2326"]
[PlyCount "68"]

1. d4 Nf6 2. c4 e6 3. Nf3 b6 4. e3 d5 5. cxd5 exd5 6. Ne5 Bb7 7. Nc3 Bd6 8.
Bb5+ c6 9. Bd3 O-O 10. O-O c5 11. Nb5 Be7 12. b3 Nc6 13. Bb2 a6 14. Nc3 Bd6 15.
Nxc6 Bxc6 16. Rc1 Bd7 17. Be2 Be6 18. Bf3 Rc8 19. g3 Be7 20. dxc5 bxc5 21. Qe2
c4 22. Rfd1 cxb3 23. axb3 Qb6 24. Nxd5 Nxd5 25. Bxd5 Bxd5 26. Rxc8 Rxc8 27. Qg4
Bf8 28. Qxc8 Qxb3 29. Rxd5 Qxd5 30. Ba3 Qd1+ 31. Kg2 Qd5+ 32. Kg1 Qd1+ 33. Kg2
Qd5+ 34. Kg1 Qd1+ 1/2-1/2